00472nam a22001337a 450000500170000000800410001704100120005808200130007010000130008324501060009626000860020230000250028865000250031320240820125009.0240820b |||||||| |||| 00| 0 eng d aEnglish a349 LAW  lEnglish  aThe Law Reports, Weekly Law Reports and Restrictive Practices Reports: Consolidated Index 1951 -1960  aLondon: bThe Incorporated Council of Law Reporting for England and Wales,c1961  b831 pages; c25 cm.  aLegal practice bLaw